000 00688nam a22002297a 4500
003 DO-SdBNP
005 20220516084249.0
007 ta
008 220516e2018 dr ao||gr|||| 001 e spa d
020 _a9789945915624
040 _aDO-SdBNP
_bspa
_cBNPHU
082 4 _222
_bB142u
245 1 0 _aUn gobierno utópico en RD. /
_cMusoline Báez
260 _aSanto Domingo :
_bEGE,
_c2018
300 _a173, [5] p. :
_bil. fotorg. ;
_c21 cm.
504 _aReferencias bibliográficas: 174- 175
590 _aInventariado 2022 / MF
650 4 _95129
_aUtopías
_zRepública Dominicana
650 4 _944258
_aRepública Dominicana
_xPolítica y Gobierno
910 _aMFeliz
942 _2ddc
_cLBS1
999 _c51726
_d51726